| 000 | 00774nam a2200205Ii 4500 | ||
|---|---|---|---|
| 003 | JO-AjNU | ||
| 008 | 230605s9999||||xx |||||||||||||| ||und|| | ||
| 040 |
_aJO-AjNU _bara _erda _cJO-AjNU |
||
| 041 | _aara | ||
| 050 | 1 | 4 | _aZ6605.A6.K672 1982 |
| 100 | 3 |
_aعواد، كوركيس , _eauthor _938217 |
|
| 245 | 0 | 0 | _aاقدم المخطوطات العربية في المكتبات العالم |
| 264 | 3 | 1 | _aالعراق : منشورات وزارة الثقافة والاعلام ،1982 |
| 300 | _a242ص | ||
| 336 |
_atext _btxt _2rdacontent |
||
| 337 |
_aunmediated _bn _2rdamedia |
||
| 338 |
_avolume _bnc _2rdacarrier |
||
| 490 | 0 | _aسلسلة المعاجم والفهارس (46) | |
| 650 | 4 |
_aالمخطوطات العربية -المكتبات العالم _938218 |
|
| 999 |
_aA16038 _c19606 _d19606 |
||